000 00934 a2200229 4500
005 20260408121655.0
008 260408b |||||||| |||| 00| 0 eng d
020 _a9789388359078 (pbk)
037 _cTB
040 _aCRL
_cCRL
041 _2hin
_ahin
084 _aO152,6x Q9
_qCRL
100 _aसिंह, विजय बहादुर
_9862918
245 _aकविता और संवेदना
260 _aनई दिल्ली, भारत:
_bसस्ता साहित्य मण्डल प्रकाशन,
_c2019.
300 _a274पृ.
365 _b200.00
_cINR
650 _aहिन्दी निबंध
650 _aहिन्दी साहित्य
942 _cTB
_2CC
_hO152,6x Q9
999 _c1467262
_d1467262